Catálogo
 En Linea

Cuba paraíso o infierno? / (Registro nro. 26043)

Detalles MARC
000 -CABECERA
campo de control de longitud fija 01864nam a2200313 i 4500
001 - NÚMERO DE CONTROL
campo de control 000026551
003 - IDENTIFICADOR DEL NÚMERO DE CONTROL
campo de control DO-SdBNP
005 - FECHA Y HORA DE LA ÚLTIMA TRANSACCIÓN
campo de control 20251028115718.0
007 - CAMPO FIJO DE DESCRIPCIÓN FÍSICA--INFORMACIÓN GENERAL
campo de control de longitud fija ta
008 - DATOS DE LONGITUD FIJA--INFORMACIÓN GENERAL
campo de control de longitud fija 110118s1998 dr ac r 001 0 spa d
040 ## - FUENTE DE LA CATALOGACIÓN
Centro catalogador/agencia de origen DO-SdBNP
Lengua de catalogación spa
Centro/agencia transcriptor BNPHU
Normas de descripción rda
041 ## - CÓDIGO DE LENGUA
Código de lengua del texto/banda sonora o título independiente spa
082 #4 - NÚMERO DE LA CLASIFICACIÓN DECIMAL DEWEY
Número de clasificación 972.91064
Número de documento/Ítem R696c 1998
Número de edición 22
100 1# - ENTRADA PRINCIPAL--NOMBRE DE PERSONA
Nombre de persona Rodríguez Grullón, Julio M.,
Término indicativo de función/relación autor
Código de función/relación aut.
9 (RLIN) 13984
245 10 - MENCIÓN DE TÍTULO
Título Cuba paraíso o infierno? /
Mención de responsabilidad, etc. Julio Rodríguez Grullón.
250 ## - MENCIÓN DE EDICIÓN
Mención de edición Tercera edición
264 #1 - PRODUCCIÓN, PUBLICACIÓN, DISTRIBUCIÓN, FABRICACIÓN Y COPYRIGHT
Producción, publicación, distribución, fabricación y copyright Santo Domingo, República Dominicana :
Nombre del de productor, editor, distribuidor, fabricante SEEBAC,
Fecha de producción, publicación, distribución, fabricación o copyright 1998.
300 ## - DESCRIPCIÓN FÍSICA
Extensión 175 páginas :
Otras características físicas ilustraciones, retratos ;
Dimensiones 21 cm.
336 ## - TIPO DE CONTENIDO
Término de tipo de contenido texto
Código de tipo de contenido txt
Fuente rdacontent
337 ## - TIPO DE MEDIO
Nombre/término del tipo de medio sin mediación
Código del tipo de medio n
Fuente rdamedia
338 ## - TIPO DE SOPORTE
Nombre/término del tipo de soporte volumen
Código del tipo de soporte nc
Fuente rdacarrier
505 ## - NOTA DE CONTENIDO CON FORMATO
Nota de contenido con formato Sinopsis de la historia cubana 1492-1898, 29 -- Mis relaciones con Cuba, 57 -- Primer viaje, diciembre 1977 65-- Segundo viaje (II congreso internacional de auxología (Del 12 al 15 de diciembre 1979, La Habana Cuba), 85-- Tercer viaje, -- (Congreso de Pediatría, Cuba 84, VII Latinoamericano, XIV Panamericano, XXL Nacional) Del 11 al 16 de noviembre de 1984, Palacio de las Convenciones, La Habana, 95 -- Comentarios, 127 -- Aspectos positivos Las conquista en el campo de la salud -- La educación, 129 -- La honestidad del pueblo , 129 -- Los deportes, 130 -- Lo negativo del régimen, 130 -- Cuarto viaje, Octubre, 1937 -- Comentarios después del cuarto viajes, 149 -- Aspectos positivos, 151 -- Lo negativo del régimen, 156 -- Visita del Papa Juan Pablo II a Cuba, Enero 1998, 161 --Comentario final, 173 -- Conclusión, 175
590 ## - NOTA LOCAL (RLIN)
Nota local Inventariado, 2019/BT
650 #4 - PUNTO DE ACCESO ADICIONAL DE MATERIA--TÉRMINO DE MATERIA
Término de materia o nombre geográfico como elemento de entrada Cuba
Subdivisión general Política y gobierno
Subdivisión cronológica 1959-1990
9 (RLIN) 49325
650 #4 - PUNTO DE ACCESO ADICIONAL DE MATERIA--TÉRMINO DE MATERIA
Término de materia o nombre geográfico como elemento de entrada Cuba
Subdivisión general Condiciones sociales
9 (RLIN) 19690
650 #4 - PUNTO DE ACCESO ADICIONAL DE MATERIA--TÉRMINO DE MATERIA
Término de materia o nombre geográfico como elemento de entrada Cuba
Subdivisión general Condiciones económicas
9 (RLIN) 49326
910 ## - DATOS DE OPCIÓN DEL USUARIO (OCLC)
Datos de opción del usuario Validado. Control de calidad. EMS
942 ## - ELEMENTOS DE PUNTO DE ACCESO ADICIONAL (KOHA)
Fuente del sistema de clasificación o colocación Dewey Decimal Classification
Tipo de ítem Koha Libro
Existencias
Estado de retiro Estado de pérdida Fuente del sistema de clasificación o colocación Restricciones de uso No para préstamo Código de colección Localización permanente Ubicación/localización actual Ubicación en estantería Fecha de adquisición Total de préstamos Signatura topográfica completa Código de barras Fecha visto por última vez Precio válido a partir de Tipo de ítem Koha Número de copia Fuente de adquisición
    Dewey Decimal Classification Excluido de préstamo   Patrimonio Dominicano Biblioteca Nacional Pedro Henríquez Ureña Biblioteca Nacional Pedro Henríquez Ureña Depósito 23.03.2011   BNPHU PD 972.91064 R696c 1998 26551-10 25.06.2020 25.06.2020 Libro    
    Dewey Decimal Classification Excluido de préstamo   Patrimonio Dominicano Biblioteca Nacional Pedro Henríquez Ureña Biblioteca Nacional Pedro Henríquez Ureña Depósito 23.03.2011   BNPHU PD 972.91064 R696c1998 26551-20 25.06.2020 25.06.2020 Libro e. 2  
    Dewey Decimal Classification Préstamo en sala   Dominicana de Servicio Biblioteca Nacional Pedro Henríquez Ureña Biblioteca Nacional Pedro Henríquez Ureña Depósito 26.09.2023   BNPHU DS 972.91064 R696c 1998 2025-11885 15.10.2025 15.10.2025 Libro e. 3 Donado por Bienvenido Brito

Con tecnología Koha